000 00773nam a2200193Ia 4500
008 151121s9999||||xx |||||||||||||| ||und||
082 _a780/गर्ग
082 _bHNW-58510
100 _aगर्ग बाळकृष्ण-संपा।
245 _aसंगीत काव्य संगीत अंक
260 _b"संगीत कार्यालय, हाथरस,उत्तरप्रदेश"
260 _c--
300 _a174
600 _aगर्ग बाळकृष्ण-संपा।
630 _aसंगीत काव्य संगीत अंक
700 _aगर्ग बाळकृष्ण-संपा।
730 _aसंगीत काव्य संगीत अंक
942 _cBOOK
999 _c1240331
_d1240328